Súčasné problémy volebného systému a možnosti ich celostného riešenia
Problémy súčasného systému volieb, obsah základných pojmov a možnosti ich riešenia s využitím modelov celostnej kompetentnosti. Prístupy k tvorbe uvedených modelov a možnosti využívania modelu ohodnocovania celostnej kompetentnosti volených politikov, riadiacich pracovníkov a zamestnancov v inštitúc...
Na minha lista:
| Autor principal: | |
|---|---|
| Outros Autores: | |
| Formato: | Capítulo de Livro |
| Idioma: | eslovaco |
| Assuntos: | |
| Tags: |
Sem tags, seja o primeiro a adicionar uma tag!
|
MARC
| LEADER | 00000nla a2200000 4500 | ||
|---|---|---|---|
| 001 | 0231222 | ||
| 005 | 20240502073802.9 | ||
| 041 | 0 | |a slo | |
| 044 | |a SK | ||
| 245 | 1 | 0 | |a Súčasné problémy volebného systému a možnosti ich celostného riešenia |c Ján Porvazník, Ivana Ljudvigová |
| 520 | |a Problémy súčasného systému volieb, obsah základných pojmov a možnosti ich riešenia s využitím modelov celostnej kompetentnosti. Prístupy k tvorbe uvedených modelov a možnosti využívania modelu ohodnocovania celostnej kompetentnosti volených politikov, riadiacich pracovníkov a zamestnancov v inštitúciách verejnej správy. | ||
| 610 | 2 | 0 | |a voľby |
| 610 | 2 | 0 | |a správa verejná |
| 610 | 2 | 0 | |a kampane volebné |
| 610 | 2 | 0 | |a výsledky volebné |
| 610 | 2 | 0 | |a strany politické |
| 610 | 2 | 0 | |a programy politické |
| 610 | 2 | 0 | |a kompetencie |
| 610 | 2 | 0 | |a modely |
| 100 | 1 | |a Porvazník, Ján | |
| 700 | 1 | |a Ljudvigová, Ivana | |